Literary Killer Click Quiz Stats

Quiz Updated Oct 24, 2015

Challenge
Share
Tweet
Score 0/24 Timer 06:00
1 Play Today
% Correct
Dorothy Gale
93.8%
Voldemort
91.4%
Sméagol
84%
Tybalt
82.4%
Beowulf
80%
Khal Drogo
71.8%
Long John Silver
70%
Raskolnikov
66.5%
Roger
61.8%
Clarice Starling
61.2%
Norman Bates
61.2%
Iorek Byrnison
57.4%
% Correct
George B. Wilson
56.8%
George Milton
56.2%
Maxim de Winter
43.5%
The Man In Black
42.6%
Bill Sikes
41.7%
Chief Bromden
36.8%
HAL 9000
36.1%
Dorian Gray
33.9%
Patrick Bateman
26.2%
Humbert Humbert
25.9%
Amy Dunne
18.2%
George Harvey
16.9%

You're not logged in!

Compare scores with friends on all Sporcle quizzes.
Join for Free
OR
Log In

You Might Also Like...

Show Comments

Extras

Top Quizzes Today


Score Distribution

Your Account Isn't Verified!

In order to create a playlist on Sporcle, you need to verify the email address you used during registration. Go to your Sporcle Settings to finish the process.

Report this User

Report this user for behavior that violates our Community Guidelines.

Details: